000 00289nam a2200097Ia 4500
005 20251222152004.0
008 251222s9999||||xx |||||||||||||| ||spa||
082 _a630.1/I59/V.23/T.4
245 0 _a"III Censo Nacional Agropecuario, resultados definitivos: Departamento de Cusco"
942 _cLIB
999 _c24637
_d24637